000 03717nam a2200397 a 4500
001 44719
003 AR-BaAGN
005 20231117134857.0
007 ta
008 s2015 ag |||||r|||| ||| ||spa d
020 _a978-987-629-525-3
040 _aAR-BaAGN
_bspa
_eaacr
100 1 _aBourdieu, Pierre,
_d1930-2002
_9599
240 1 0 _aInterventions 1961-2001 : Science sociale et action politique.
245 1 0 _aIntervenciones políticas :
_bun sociólogo en la barricada /
_cPierre Bourdieu ;edición original al cuidado de Franck Poupeau y Thierry Discepolo ; traducción y edición al cuidado de Alicia Beatriz Gutiérrez.
260 _aBuenos Aires :
_bSiglo XXI,
_c2015.
300 _a353 páginas :
_bfotografías ;
_c23 cm
336 _2rdacontent
_btxt
337 _2rdamedia
_bn
338 _2rdacarrier
_bnc
490 1 _aBiblioteca Clásica de Siglo Veintiuno
500 _aUna versión de esta obra fue publicada en 2005 por el sello Ferreyra Editor con el título Intervenciones 1961-1995. Ciencia social y ciencia política.
520 3 _aVivimos sumergidos en la política, bombardeados por noticias nacionales o internacionales que, fieles al golpe de efecto, yuxtaponen guerras, elecciones, crisis económicas, delitos de sangre. En este marco, periodistas, intelectuales mediáticos y ensayistas varios, en lugar de echar luz sobre el debate público, introducen lugares comunes, cuando no errores o distorsiones. Del otro lado, el cientificismo de algunos investigadores los inhibe de ocuparse del mundo social por temor al descrédito académico. Al margen de estas opciones empobrecedoras, Intervenciones políticas muestra el itinerario intelectual de Pierre Bourdieu y su modo de entender y practicar la sociología, como un saber que no valdría una hora de esfuerzo si no contribuyera a analizar los problemas políticos y sociales banalizados por la actualidad televisiva. Así, con su estilo riguroso e incisivo, Bourdieu se pregunta una y otra vez por el rol de los intelectuales, los periodistas y los investigadores, que deben contribuir a la vigilancia cívica sin dejarse llevar por la ilusión de "comprender todo de golpe". Analiza la función del Estado, rechazando la alternativa del liberalismo y el socialismo, que reducen la complejidad del mundo a su dimensión económica. Indaga en el funcionamiento del sistema educativo medio y superior, desde los métodos de reclutamiento docente hasta la estructura de las carreras, para develar los mecanismos que lo convierten en un espacio de reproducción y legitimación de las desigualdades sociales. Explica cómo operan los sondeos de opinión y cómo los investigadores y los políticos hacen de ellos un argumento de autoridad, que debe ser discutido. Se detiene especialmente en la distancia entre la sociedad y el mundo político, cada vez más cerrado sobre sí mismo. Intervenciones políticas es un libro fundamental porque permite entender cómo ciencia social y militancia pueden potenciarse entre sí para generar un pensamiento crítico verdaderamente responsable, resultado del trabajo intelectual colectivo, tan alejado de la indignación o la simpatía moral como de la asepsia académica. (Descripción del editor).
600 1 4 _aBourdieu, Pierre,
_d1930-2002
_9599
650 4 _aSOCIÓLOGOS
_91258
650 4 _aINTELECTUALES
_91774
650 4 _aMILITANCIA
_9618
650 4 _aPOLÍTICA
_92164
650 4 _aREVOLUCIÓN
_94878
650 4 _91412
_aPOLÍTICA EDUCATIVA
650 4 _94877
_aSISTEMA EDUCATIVO
700 1 _94874
_aPoupeau, Franck,
_d1970-
_eaui
700 1 _94875
_aDiscepolo, Thierry,
_d1950-
_eedt
700 1 _94876
_aGutiérrez, Alicia Beatriz,
_d1957-
_etrl
942 _cLIBRO
_kAGN
_n0
999 _c44719
_d44719